[Event "Werther Schloss op-C 10th"]
[Site "Werther"]
[Date "2004.04.04"]
[Round "5"]
[White "Brigawi, Fadi"]
[Black "Henda, Fadil"]
[Result "1-0"]
[WhiteElo "1695"]
[BlackElo "1485"]
[PlyCount "93"]
[EventDate "2004.04.02"]
[EventType "swiss"]
[EventRounds "5"]
[EventCountry "GER"]
[SourceTitle "EXT 2006"]
[Source "ChessBase"]
[SourceDate "2005.11.24"]
[SourceVersion "1"]
[SourceVersionDate "2005.11.24"]
[SourceQuality "1"]

1. d4 d5 2. Nf3 e6 3. c4 dxc4 4. Nc3 c6 5. a4 Bb4 6. e4 b5 7. Bd2 f6 8. axb5 Bxc3 9. Bxc3 cxb5 10. b3 Bb7 11. bxc4 Bxe4 12. cxb5 Ne7 13. Qb3 Qd5 14. Bc4 Qh5 15. Bxe6 Bxf3 16. gxf3 Qxf3 17. Rg1 Qe4+ 18. Kd1 Qf3+ 19. Kc1 g5 20. Ra2 Nd7 21. Re1 Nb6 22. Bf7+ Kf8 23. Rxe7 Rc8 24. Re3 Qb7 25. Rae2 Qxf7 26. Qb4+ Kg8 27. Re7 Nd5 28. Qd6 Nxc3 29. Rc2 Na2+ 30. Kb2 Rxc2+ 31. Kxc2 Qc4+ 32. Kd2 Qb4+ 33. Qxb4 Nxb4 34. Rxa7 h5 35. Ra8+ Kg7 36. Rxh8 Kxh8 37. Kc3 Nd5+ 38. Kc4 Nb6+ 39. Kc5 Na4+ 40. Kc6 Kg7 41. d5 Kf7 42. d6 Ke8 43. Kc7 Nb6 44. Kxb6 Kd7 45. Kc5 f5 46. b6 f4 47. b7 1-0